000 01624cab a2200217 4500
001 ABS45331
008 090401t1991 xxu||||| |||| 00| 0 eng d
035 _a(Sirsi) u52385
041 _aeng
245 _aBromsgrove DC and Beoley Parish Council v SoS for the Environment and London & Edinburgh Trust plc
260 _c1991
350 _a0
490 _aJournal of Planning and Environment Law
_v1991 JPL 877-889(13)
520 _aQBD 27 March 1991. In October 1985, the SoS approved the Hereford and Worcester County Structure Plan with modifications. The accompanying letter proposed a joint study in regard to the future prospects of Redditch, by Hereford and Worcester DC and Warwickshire CC. In April 1987 they delivered an interim report stating that the extent of location and the desirability of future development could only be determined in conjunction with the statutory planning process which included a statement recognising the development of 67 acres in the Beoley and Holt End areas. Bromsgrove DC in response expressed the view that development to the north and east of Redditch was unacceptable. When the final proposal was published the area was still included. Hereford and Worcester CC required this to be added to the structure plan for high technology development. Bromsgrove DC issued objections. Beoley Parish Council suggested that an area at Wythall, a car transporter depot, would be suitable for deve
650 _aINDUSTRIAL DEVELOPMENT
650 _aMODIFICATIONS
650 _aSTRUCTURE PLANS
690 _aPLANNING LAW AND PRACTICE-CASE LAW
942 _n0
948 _c04/03/1997
999 _c32469
_d32469